| 000 | 01126cam a22003257a 4500 | ||
|---|---|---|---|
| 001 | 12480782 | ||
| 003 | OSt | ||
| 005 | 20240628093845.0 | ||
| 008 | 010724s2000 enka b 001 0 eng d | ||
| 010 | _a 2001270145 | ||
| 020 | _a0340742178 (hb) | ||
| 020 | _a0340742186 (pb) | ||
| 035 | _a(OCoLC)ocm45860278 | ||
| 040 | _cmust | ||
| 042 | _alccopycat | ||
| 050 | 0 | 0 |
_aHN49.C6 _bB37 2000 |
| 082 | _a303.38 BAR 2000 | ||
| 100 | 1 |
_aBarrow, Christopher J. _97695 |
|
| 245 | 1 | 0 |
_aSocial impact assessment : _ban introduction / _cC.J. Barrow. |
| 260 |
_aLondon : _bArnold ; _aNew York : _bOxford University Press, _c2000. |
||
| 300 |
_aviii, 230 p. : _bill. ; _c24 cm. |
||
| 504 | _aIncludes bibliographical references and index. | ||
| 650 | 0 |
_aCommunity development _xSocial aspects. _918269 |
|
| 650 | 0 |
_aSocial planning. _918270 |
|
| 650 | 0 |
_aSocial change. _97390 |
|
| 856 | 4 | 2 |
_3Publisher description _uhttp://www.loc.gov/catdir/enhancements/fy0611/2001270145-d.html |
| 906 |
_a7 _bcbc _ccopycat _d2 _encip _f20 _gy-gencatlg |
||
| 942 |
_2ddc _cO_SHELF |
||
| 999 |
_c9000 _d9000 |
||